| 000 | 00000nam##2200000za#4500 |
| 001 | 9.600744 |
| 003 | CaOODSP |
| 005 | 20210624205731 |
| 007 | cr ||||||||||| |
| 008 | 150406|1997||||xxc|||||o f|0| 0 fre|d |
| 040 | |aCaOODSP|bfre |
| 043 | |an-cn--- |
| 086 | 1 |aNH18-1-2/74-1997F-PDF |
| 110 | 2 |aSociété canadienne d'hypothèques et de logement. |
| 245 | 13|aLa transformation de HLM pour personnes agées en ensembles d'habitation mixtes / |h[ressource électronique]|cpar Francine Dansereau et Jaël Mongeau. |
| 260 | |aOttawa - Ontario : |bSociété canadienne d'hypothèques et de logement |cJuillet 1997. |
| 300 | |a134p.|bréférences, tableaux |
| 490 | 1 |aRapport de recherche |
| 546 | |a(Summary in English.) |
| 590 | |a11-25-Supp|b2011-10-31 |
| 720 | 1 |aMongeau, Jaël |
| 720 | 1 |aDansereau, Francine |
| 830 | #0|aResearch report (Société canadienne d'hypothèques et de logement : En ligne)|w(CaOODSP)9.502470 |
| 856 | 40|ahttp://publications.gc.ca|qPDF|s1.15 Mo|uhttps://publications.gc.ca/collections/collection_2011/schl-cmhc/nh18-1-2/NH18-1-2-74-1997-fra.pdf |